Thủy lực và bơm

Nội dung tài liệu trình bày những kiến thức về lưu chất và thuỷ lực, bơm ly tâm, bơm quay, bơm tịnh tiến, bơm có công dụng riêng, bộ tích thuỷ lực, cơ cấu truyền năng...

Na minha lista:
Detalhes bibliográficos
Autor principal: Trần Thế San
Outros Autores: Trần Thi Kim Lang
Formato: Livro
Idioma:Vietnamese
Publicado em: H. Khoa học và Kỹ thuật 2009
Assuntos:
Tags: Adicionar Tag
Sem tags, seja o primeiro a adicionar uma tag!
Thư viện lưu trữ: Thư viện Trường Đại học Nam Cần Thơ
LEADER 01371aam a22002418a 4500
001 NCT_6635
008 090605s2009 ||||||viesd
999 |c 339  |d 339 
020 |c 50000 
082 0 4 |2 23rd ed.  |a 621.2  |b S105 
100 1 |a Trần Thế San 
245 1 0 |a Thủy lực và bơm  |c Trần Thế San, Trần Thi Kim Lang 
260 |a H.  |b Khoa học và Kỹ thuật  |c 2009 
300 |a 326tr.  |b minh hoạ  |c 24cm 
520 3 |a Nội dung tài liệu trình bày những kiến thức về lưu chất và thuỷ lực, bơm ly tâm, bơm quay, bơm tịnh tiến, bơm có công dụng riêng, bộ tích thuỷ lực, cơ cấu truyền năng... 
653 |a Bơm thuỷ lực 
655 7 |a Công nghệ Kỹ thuật ô tô 
700 1 |a Trần Thi Kim Lang 
942 |2 ddc  |c BK 
952 |0 0  |1 0  |2 ddc  |4 0  |6 621_200000000000000_S105  |7 0  |9 1894  |a 000001  |b 000001  |d 2017-10-23  |o 621.2 S105  |p MD.05407  |r 2017-10-23  |v 50000.00  |w 2017-10-23  |y BK 
952 |0 0  |1 0  |2 ddc  |4 0  |6 621_200000000000000_S105  |7 0  |9 1895  |a 000001  |b 000001  |d 2017-10-23  |o 621.2 S105  |p MD.05408  |r 2017-10-23  |v 50000.00  |w 2017-10-23  |y BK 
952 |0 0  |1 0  |2 ddc  |4 0  |6 621_200000000000000_S105  |7 0  |9 1896  |a 000001  |b 000001  |d 2017-10-23  |o 621.2 S105  |p MD.05418  |r 2017-10-23  |v 50000.00  |w 2017-10-23  |y BK 
980 |a Thư viện Trường Đại học Nam Cần Thơ